• 首页
  • 本馆介绍
  • 公告通知
  • 最新文献
  • 馆藏检索
  • 电子资源
  • 读者导购
  • 参考咨询
  • 我的图书馆
  • 登录
  • 详细信息显示
  • 放入我的书架
  • 预约/预借图书
  • 作者相关作品
  • 分类相关作品
  • 丛书相关作品
  • 出版社相关作品

书目信息

  • 表格格式
  • 工作单格式
  • 卡片格式
题名:
苏轼的书法艺术
    
 
作者: 陈振濂 著
分册:  
出版信息: 北京   人民美术出版社  1989
页数: 57页
开本: 26cm
丛书名: 中国古代美术作品介绍
单 册:
中图分类: J292.25
科图分类:
主题词: 书法--中国 , 篆刻--中国
电子资源:
ISBN: 7-102-00241-6
000 00647nam0 2200229 45
001 0405201669
005 20040520165505.2
010    @a7-102-00241-6@dCNY4.50
100    @a20040520d1989 km y0chiy0120 ea
101 0  @achi
105    @a z 000yy
200 1  @a苏轼的书法艺术@ASu Shi De Shu Fa Yi Shu@f陈振濂著@FChen Zhen Lian Zhu
210    @a北京@c人民美术出版社@d1989
215    @a57页@d26cm
225    @a中国古代美术作品介绍
410    @12001 @a中国古代美术作品介绍
606 0  @a书法@x中国
606 0  @a篆刻@x中国
690    @aJ292.25@v3
701  0 @a陈振濂@4著
801    @aCN@bPftUser@c20040520
905    @f2@b251577-578@dJ292.25@e263
    
    苏轼的书法艺术/陈振濂著.-北京:人民美术出版社,1989
    57页;26cm.-(中国古代美术作品介绍)
    
    
    ISBN 7-102-00241-6:CNY4.50
    
●
相关链接 在E读中查询图书 在五车中查询图书 在当当中查询图书 在豆瓣中查询图书


正题名:苏轼的书法艺术     索取号:J292.25/263         预约/预借

序号 登录号 条形码 馆藏地/架位号 状态 备注
1 0251577   001212574   第一借阅区/ [索取号:J292.25/263] 在馆    
2 0251578   001212495   第一借阅区/ [索取号:J292.25/263] 在馆    
3 0251579   001211977   第一样本阅览室/ [索取号:J292.25/263] 在馆    
唐山师范学院图书馆 欢迎您!
大连网信软件有限公司© 版权所有